Months of the Year in Europe - Statistics

General Stats
  • This quiz has been taken 113 times
  • The average score is 22 of 36
Answer Stats
Day Language Word % Correct
May French Mai
89%
May German Mai
89%
July German Juli
86%
June German Juni
83%
November French November
83%
November German November
83%
August German August
82%
April German April
78%
February German Februar
78%
March German März
78%
September German September
78%
January German Januar
77%
October German Oktober
70%
December French Décembre
63%
October French Octobre
62%
September French Septembre
59%
December German Dezember
58%
April French Avril
54%
July Spanish Julio
54%
May Spanish Mayo
54%
March French Mars
52%
January French Janvier
51%
January Spanish Enero
50%
February Spanish Febrero
50%
February French Février
50%
April Spanish Abril
49%
June Spanish Junio
49%
November Spanish Noviembre
49%
September Spanish Septiembre
49%
March Spanish Marzo
48%
August Spanish Agosto
47%
August French Août
46%
December Spanish Diciembre
44%
October Spanish Octubre
44%
July French Juillet
42%
June French Juin
41%
No matching quizzes found
Score Distribution
Percent of People with Each Score
Percentile by Number Answered
Your Score History
You have not taken this quiz